The ULTIMATE Twin Peaks Knowledge Test #2 - Statistics

General Stats
  • This quiz has been taken 121 times
  • The average score is 6 of 15
Answer Stats
Question Answer % Correct
Who shot Special Agent Cale Cooper in his hotel room? Josie Packard
80%
Freddie Sykes is the English-born security guard who was guided by the fireman into buying and wearing a garden glove, but what is the colour of it? Green
70%
True or false, when Dale Cooper and Carrie Page visit the old home of the Palmers, a middle aged woman named Mary Reber opens the door, is she the real-life homeowner? True
65%
Who shoots Mr C at the Twin Peaks sheriff department? Lucy
57%
What is the name of Dougie and Janey-e Jones' son? Sonny Jim
52%
When Sarah Palmer is harassed by a Truck Driver in the Roadhouse, when she takes off her face, what animals tongue can be seen coming out? Snake
46%
When meeting with Diane, Albert shouts "Fuck Gene Kelly you motherfucker!" whilst walking outside on the pouring rain. What film is this a reference to? Singing in the rain
43%
What is Dale Coopers last line in the Return with Carrie Page? What year is this
42%
How much was the cheque worth that the Mitchum Brothers pull out of Dougie Jone's suit pocket? $30 million
27%
In the black lodge, what does Leland Palmers doppelganger say to Dale Cooper? I did not kill anybody
24%
Gordon Cole says joke to Albert mentioning a daughter going missing on her parents farm, which vegetable does he use for his punchline? Turnip
23%
What does Albert shout in the car to Gordon Cole whilst driving in South Dakota? Car sick
19%
In the realm on non-existence, Dale Cooper sees General Briggs dis-embodied head sail below him, but what does Briggs say? Blue rose
18%
Where does Bobby say he will see Norma when leaving the Double R cafe with Shelly? His dreams
12%
After the death of Josie, Sherriff Truman falls into a deep depression which involved many bottles of whiskey, when he returns to his normal self he is very hungover. When advised for the means of a cure, what is the most common food that was said to in order to help Truman "feel better"? Anchovies
6%
No matching quizzes found
Score Distribution
Percent of People with Each Score
Percentile by Number Answered
Your Score History
You have not taken this quiz